| 000 | 00895cam a22002533a 4500 | ||
|---|---|---|---|
| 001 | 15004 | ||
| 003 | PGUSA | ||
| 005 | 20140828083324.0 | ||
| 008 | 050209s2005||||xxu|||||s|||||000 | eng d | ||
| 040 |
_aPGUSA _beng |
||
| 042 | _adc | ||
| 050 | 4 | _aR | |
| 100 | 1 |
_aMitchell, S. Weir _q(Silas Weir), _d1829-1914 |
|
| 245 | 1 | 0 |
_aDoctor and Patient _h[electronic resource] / _cS. Weir Mitchell |
| 260 |
_bProject Gutenberg, _c2005 |
||
| 505 | 0 | _aIntroductory -- The physician -- Convalescence -- Pain and the opium habit -- The moral management of sick or invalid children -- Nervousness and its influence on character -- Out-door and camp-life for women. | |
| 506 | _aPublic domain in the USA. | ||
| 516 | _aElectronic text | ||
| 653 | _aMedicine | ||
| 653 | _aPhysician and patient | ||
| 830 | 0 |
_aProject Gutenberg _v15004 |
|
| 856 | 4 | 0 | _uhttp://www.gutenberg.org/ebooks/15004 |
| 942 | _cEB | ||
| 999 |
_c244259 _d244259 |
||